IFM Opac

Politics of the sword (Record no. 15881)

MARC details
000 -LEADER
fixed length control field 00304nam a22001337a 4500
020 ## - INTERNATIONAL STANDARD BOOK NUMBER
International Standard Book Number 0860360407
082 ## - DEWEY DECIMAL CLASSIFICATION NUMBER
Classification number 320.96 67 OCR
100 ## - MAIN ENTRY--PERSONAL NAME
Personal name OCRAN,A K
245 ## - TITLE STATEMENT
Title Politics of the sword
260 ## - PUBLICATION, DISTRIBUTION, ETC.
Place of publication, distribution, etc. London
Name of publisher, distributor, etc. Billing and Sons
Date of publication, distribution, etc. 1977
300 ## - PHYSICAL DESCRIPTION
Extent 167pg
Other physical details 20cm
500 ## - GENERAL NOTE
General note Including Index
942 ## - ADDED ENTRY ELEMENTS (KOHA)
Koha item type Books
Holdings
Withdrawn status Lost status Damaged status Not for loan Home library Current library Shelving location Date acquired Total Checkouts Full call number Date last seen Price effective from Koha item type
Withdrawn       IFM Main Campus Library IFM Main Campus Library Archival Collection 04/05/2016   320.96 67 OCR 04/05/2016 02/19/2022 Books